00549nam a2200169Ia 450000500170000000800410001702000150005808200130007310000140008624500750010026000480017530000120022350000300023594200060026595200950027199900130036620250514004803.0240331s9999 xx 000 0 und d a9559102281 a294bTHA aThaper, R 0aSaampradayaya gana durmatha :bIndian devathaviyan gananawa kiyaweemak aColombobSocial Scientist Associationc1999 a36 p ., aStories of Indian goddess cL 001040708LaWERCLbWERCLcSSCd2024-03-31l0o 294 THAp4857r2024-03-31w2024-03-31yL c907d907